000 00891cam a2200289 4500
001 3011
005 20181127170324.0
008 030821s2004 nyub 000 1 eng
010 _a 2003062452
020 _a0060934867
043 _as-py---
100 1 _aTuck, Lily,
_d1938-
245 1 4 _aThe news from Paraguay :
_ba novel /
_cLily Tuck.
250 _a1st ed.
260 _aNew York :
_bHarperCollins,
_cc2004.
300 _a248 p. :
_bmap ;
_c22 cm.
600 1 0 _aLopez, Francisco Solano,
_d1827-1870
_vFiction.
600 1 0 _aLynch, Elisa Alicia,
_d1835-1886
_vFiction.
650 0 _aIrish
_zParaguay
_vFiction.
650 0 _aMistresses
_vFiction.
650 0 _aParaguayan War, 1865-1870
_vFiction.
650 0 _aPresidents
_vFiction.
650 0 _aWomen
_zParaguay
_vFiction.
651 0 _aParaguay
_vFiction.
655 7 _aBiographical fiction.
_2gsafd
655 7 _aLove stories.
_2gsafd
999 _c2421
_d2421